Statistiques concernant Personnalités nées à Paris

Cliquez ici pour prendre le quiz!

Statistiques générales

  • Ce quiz a été pris 249 fois
  • Le résultat moyen est 14 sur 20

Statistiques - réponses

Année de naissanceFonction / ProfessionPersonnage% Correct
1915Chanteuse / La Vie en roseEdith Piaf
95%
1622Dramaturge / Le Bourgeois gentilhommeMolière
95%
1944Humoriste / Fondateur des Restos du CoeurColuche
91%
1840Ecrivain / J'accuseEmile Zola
91%
1821Ecrivain / Les Fleurs du malCharles Baudelaire
86%
1694Philosophe / Candide ou l'OptimismeVoltaire
86%
1934Actrice et mannequin / Défense des animauxBrigitte Bardot
85%
1585Cardinal / "Premier ministre" de Louis XIIIArmand Jean du Plessis de Richelieu
84%
1974Animateur de télévision / Touche pas à mon posteCyril Hanouna
84%
1955Politique / Président de la RépubliqueNicolas Sarkozy
83%
1878Fondateur d'une grande marque automobile françaiseAndré Citroën
73%
1990Actrice / Harry PotterEmma Watson
67%
1871Ecrivain / A la recherche du temps perduMarcel Proust
67%
1908Philosophe féministe / Jean-Paul SartreSimone de Beauvoir
66%
1863Fondateur du CIO et des Jeux Olympiques modernesPierre de Coubertin
57%
1748Peintre / Le Sacre de NapoléonJacques-Louis David
55%
1986Joueur de tennis / Demi-finale de l'US Open en 2016Gaël Monfils
45%
1925Ecrivain / Académicien depuis 1973Jean d'Ormesson
43%
1805Philosophe / De la démocratie en AmériqueAlexis de Tocqueville
34%
1967Musicien / When Love Takes OverDavid Guetta
31%

Distribution des résultats

Percentile par nombre de réponses

% des personnes avec chaque résultat

Votre développement - résultats

Vous n’avez pas pris ce quiz